Vevői reklamációk kezelése az MBMH Kft. minőségirányítási rendszerében

Bibliográfiai részletek
Szerző: Gerencsér Vilmos
További közreműködők: Miskolczi Tibor
Dokumentumtípus: Diplomadolgozat
Kulcsszavak:Minőségirányítási rendszerek
Vevői elégedettség
Vevői reklamációk
MBMH Kft.
Online Access:http://dolgozattar.uni-bge.hu/18787

MARC

LEADER 00000nta a2200000 i 4500
001 dolg18787
005 20200427094446.0
008 181203suuuu hu om 000 hun d
040 |a BGE Dolgozattár Repozitórium  |b hun 
041 |a hu 
100 1 |a Gerencsér Vilmos 
245 1 0 |a Vevői reklamációk kezelése az MBMH Kft. minőségirányítási rendszerében  |c Gerencsér Vilmos  |h [elektronikus dokumentum] 
695 |a Minőségirányítási rendszerek 
695 |a Vevői elégedettség 
695 |a Vevői reklamációk 
695 |a MBMH Kft. 
700 1 |a Miskolczi Tibor  |e ths 
856 4 0 |u http://dolgozattar.uni-bge.hu/18787/1/Teljes%20Szakdolgozat..pdf  |z Dokumentum-elérés 
856 4 0 |u http://dolgozattar.uni-bge.hu/18787/7/Gerencs%C3%A9r%20V.pdf  |z Dokumentum-elérés